000 00472nam a2200181Ia 4500
008 230524s9999 xx 000 0 und d
020 _a9788179927380
082 _a621.382
_bROY
100 _aS.N.Sivanandam
245 0 _aProblems and Solutions in Electrical Circuit Analysis
250 _a2ND
260 _aNEW DELHI
_bJaico Publishing
_c2008
300 _aVIII;465
500 _aQuantity Number: 5
650 _aElectrical
700 _a S.N.Deepa
942 _cBK
999 _c44043
_d44043